Curso rapido de microsoft office 2000 /

Guardado en:
Formato: Libro
Publicado: Colombia : Microsoft / Norma, 1999
Materias:
Etiquetas: Agregar Etiqueta
Sin Etiquetas, Sea el primero en etiquetar este registro!
LEADER 00527nam a22001935a 4500
001 CEM.cems010144
005 20080605113114.0
008 130507s1999##################000#0#####d
003 CEMS
082 0 4 |a 001.6425 
245 0 0 |a Curso rapido de microsoft office 2000 / 
260 |a Colombia :  |b Microsoft / Norma,  |c 1999 
300 |a 481 p. 
653 |a Access 
653 |a Computacion 
653 |a Excel 2000 
653 |a Front page 2000 
653 |a Office 2000 
859 |a CEMS  |b BIB. CEMS - 11 de abril  |h 001.6425  |i M581-1  |p 20630.99  |t Ej.1